[Event "BEL-ch U16"]
[Site "Houffalize"]
[Date "2009.04.18"]
[Round "8"]
[White "Van Endert, Lynn"]
[Black "Decker, Gregory"]
[Result "1/2-1/2"]
[WhiteElo "1464"]
[BlackElo "1326"]
[PlyCount "89"]
[EventDate "2009.04.13"]
[EventType "swiss"]
[EventRounds "9"]
[EventCountry "BEL"]
[SourceTitle "EXT 2012"]
[Source "ChessBase"]
[SourceDate "2011.11.24"]
[SourceVersion "1"]
[SourceVersionDate "2011.11.24"]
[SourceQuality "1"]

1. d4 d5 2. c4 e5 3. dxe5 d4 4. Nf3 Nc6 5. g3 Nge7 6. Bg2 Ng6 7. 0-0 Ngxe5 8. Nxe5 Nxe5 9. b3 Bc5 10. Bb2 0-0 11. e3 Nc6 12. Bxc6 bxc6 13. Bxd4 Be7 14. Qe2 Bf6 15. Qd1 c5 16. Bc3 Qe7 17. Qf3 Bxc3 18. Nxc3 Rb8 19. Rad1 Bb7 20. Nd5 Qe6 21. Qf4 Bxd5 22. Rxd5 Qa6 23. Rd2 Qa5 24. Rfd1 h6 25. e4 c6 26. Qe3 Rfe8 27. Qf4 Rbd8 28. Kg2 Rxd2 29. Rxd2 Rd8 30. Rd6 Rxd6 31. Qxd6 Qb6 32. e5 Qa6 33. Qxc5 Qxa2 34. Qxc6 Qxb3 35. Qc8+ Kh7 36. c5 Qd5+ 37. f3 Qxe5 38. Qc6 Qe2+ 39. Kh3 Qf1+ 40. Kg4 Qc4+ 41. Qe4+ f5+ 42. Kxf5 Qxc5+ 43. Ke6+ Kg8 44. Qa8+ Kh7 45. Qe4+ 1/2-1/2

[Event "BEL-ch U16"]
[Site "Houffalize"]
[Date "2009.04.16"]
[Round "5"]
[White "Schumacher, Raoul"]
[Black "Van Endert, Lynn"]
[Result "1-0"]
[WhiteElo "1471"]
[BlackElo "1464"]
[PlyCount "137"]
[EventDate "2009.04.13"]
[EventType "swiss"]
[EventRounds "9"]
[EventCountry "BEL"]
[SourceTitle "EXT 2012"]
[Source "ChessBase"]
[SourceDate "2011.11.24"]
[SourceVersion "1"]
[SourceVersionDate "2011.11.24"]
[SourceQuality "1"]

1. Nf3 Nf6 2. g3 Nc6 3. Bg2 d5 4. d4 Bf5 5. a3 e6 6. 0-0 Bd6 7. b3 0-0 8. Bb2 Re8 9. Re1 e5 10. dxe5 Nxe5 11. Nbd2 Nxf3+ 12. Nxf3 Bc5 13. Nh4 Be6 14. e3 Bg4 15. Bxf6 Qd7 16. Qxd5 Qxd5 17. Bxd5 gxf6 18. Bxb7 Rad8 19. Bf3 Be6 20. Be2 Rd2 21. Bd3 Bxb3 22. Nf3 Bxc2 23. Nxd2 Bxd3 24. Nb3 Bd6 25. Nd4 c5 26. Red1 c4 27. Nf3 Bc7 28. Ne1 Be5 29. Nxd3 Bxa1 30. Rxa1 cxd3 31. Rd1 Rd8 32. Rd2 Kf8 33. f3 Ke7 34. Kf2 Ke6 35. e4 Ke5 36. Ke3 Ke6 37. Rxd3 Rc8 38. h4 Rc2 39. Kf4 Rc8 40. Rd5 Rc3 41. Ra5 Rc7 42. Kg4 Ke7 43. Kh5 Kf8 44. Kh6 Kg8 45. Rb5 Rc8 46. Rb7 Ra8 47. a4 a5 48. Rb5 Kh8 49. Rb6 Kg8 50. Rxf6 Ra7 51. Rb6 Ra8 52. Rb7 Ra6+ 53. Kg5 Kg7 54. Kg4 Rg6+ 55. Kh3 Ra6 56. g4 Rc6 57. Ra7 Rc5 58. g5 Kg8 59. Kg4 Kf8 60. f4 Ke8 61. e5 Kf8 62. h5 Ke8 63. Kf5 Kf8 64. g6 fxg6+ 65. hxg6 hxg6+ 66. Kxg6 Rc6+ 67. Kg5 Rc5 68. Kf6 Kg8 69. f5 1-0